000 00705 a2200253 4500
005 20260623092549.0
020 _a0721642624
050 0 0 _aRC648
_bEND 1995
245 1 0 _aEndocrinology /
_cedited by Leslie J. Degroot
250 _athird edition
264 _aLondon :
_bW.B.Saunders,
_c1995
300 _a3024
_billustrations
336 _atext
_btxt
_2rdacontent
337 _aunmediated
_bn
_2rdamedia
338 _avolume
_bnc
_2rdacarrier
500 _aincludes index
650 0 _aEndocrinology
650 2 _aEndocrinology
650 6 _aEndocrinologie
650 7 _aEndocrinology
650 1 7 _aEndocrinologie.
942 _2lcc
_cBK
_ethird edition
_h648
_iEND
_kRC
999 _c12145
_d12145